000 01013nam a2200253Ia 4500
003 Ost
005 20260507075535.0
008 260507s9999||||xx |||||||||||||| ||und||
020 _a9771018264
040 _cfsecg
041 _aara
082 _a332.17
100 _aالسيسي، صلاح الدين حسن
_eمؤلف
245 0 _aقضايا مصرفية معاصرة :
_bالائتمان المصرفي،الضمانات المصرفية /
_c صلاح الدين حسن السيسي
260 _aالقاهرة:
_bدار الفكر العربي,
_c2004
300 _a310 صفحة؛
_bإيضاحات ؛
_c24 سم
490 _aسلسلة دراسات نظرية وتطبيقية
520 _aيضم الإئتمان المصرفي، الضمانات المصرفية، الإعتمادات المستندية
653 _aالإئتمان المصرفي
653 _aالأوراق التجارية
653 _aالبنوك
653 _aالضمانات المالية
942 _cكتاب
999 _c44838
_d44838